[Event "Mauricie op"]
[Site "Trois-Rivieres CAN"]
[Date "2026.03.22"]
[Round "5.13"]
[White "Savard, Alexandre"]
[Black "Zheng-Roy, Ethan"]
[Result "1-0"]
[WhiteElo "1792"]
[BlackElo "1258"]
[WhiteFideId "-1"]
[BlackFideId "-1"]
[PlyCount "131"]
[GameId "2292043413542007"]
[EventDate "2026.03.20"]
[EventType "swiss"]
[EventRounds "5"]
[EventCountry "CAN"]

1. c4 e5 2. g3 Nc6 3. Bg2 Nf6 4. Nc3 Bb4 5. Nd5 a5 6. Nxb4 Nxb4 7. Nf3 d6 8. a3 Nc6 9. O-O O-O 10. Rb1 Be6 11. d3 h6 12. b4 axb4 13. axb4 Qd7 14. Re1 Bh3 15. Bh1 Rfe8 16. d4 Qg4 17. d5 Ne7 18. Nd2 Nf5 19. e3 Qg6 20. e4 Nd4 21. Bb2 h5 22. Bxd4 exd4 23. Qc2 Ra3 24. Rb3 Rea8 25. Qb2 Ra1 26. Qxd4 R8a3 27. Rxa3 Rxa3 28. Ra1 Rxa1+ 29. Qxa1 h4 30. Qd4 hxg3 31. hxg3 Nh5 32. Qe3 Qf6 33. Kh2 Bd7 34. Bg2 Qg6 35. Bh3 Bxh3 36. Kxh3 Qh7 37. Kg2 b6 38. c5 bxc5 39. bxc5 Qg6 40. Kf1 Qf6 41. Ke2 Qg6 42. c6 Qg4+ 43. Qf3 Qg6 44. Kd3 Nf6 45. Kc4 Qg5 46. Qf4 Qh5 47. f3 Qh2 48. Kd3 Nh5 49. Qh4 Qxh4 50. gxh4 Nf4+ 51. Kc4 Kf8 52. Kb5 Ke8 53. Ka6 Kd8 54. Kb7 Ng2 55. Nc4 Nxh4 56. Nxd6 Nxf3 57. Nxf7+ Ke7 58. d6+ Kxf7 59. dxc7 g5 60. c8=Q Ne5 61. Qf5+ Ke7 62. Qxe5+ Kf8 63. c7 g4 64. c8=Q+ Kf7 65. Qc6 g3 66. Qcf6+ 1-0

[Event "Mauricie op"]
[Site "Trois-Rivieres CAN"]
[Date "2026.03.20"]
[Round "1.1"]
[White "Sai, Krishna GV"]
[Black "Papineau (Granby), Daniel"]
[Result "1-0"]
[WhiteElo "2519"]
[BlackElo "1966"]
[WhiteFideId "-1"]
[BlackFideId "-1"]
[PlyCount "63"]
[GameId "2292047392044576"]
[EventDate "2026.03.20"]
[EventType "swiss"]
[EventRounds "5"]
[EventCountry "CAN"]

1. e4 e5 2. Nf3 Nc6 3. Bb5 a6 4. Ba4 Nf6 5. O-O Be7 6. Re1 b5 7. Bb3 d6 8. c3 Na5 9. Bc2 c5 10. d4 Qc7 11. h3 Nc6 12. d5 Nd8 13. a4 Rb8 14. axb5 axb5 15. b4 c4 16. Be3 O-O 17. Ra5 Ne8 18. Nbd2 g6 19. Qe2 Ng7 20. Ra7 Rb7 21. Rea1 f6 22. R1a5 Bd7 23. Qe1 f5 24. R5a6 Rxa7 25. Rxa7 Nb7 26. Qa1 f4 27. Qa6 fxe3 28. Rxb7 exf2+ 29. Kxf2 Qc8 30. Qa7 Bh4+ 31. Kg1 Nh5 32. Rxd7 1-0

[Event "Mauricie op"]
[Site "Trois-Rivieres CAN"]
[Date "2026.03.20"]
[Round "1.10"]
[White "Wilkin, Alain"]
[Black "Iordanescu, Victor Nicolae"]
[Result "0-1"]
[WhiteElo "1873"]
[BlackElo "2070"]
[WhiteFideId "-1"]
[BlackFideId "-1"]
[PlyCount "48"]
[GameId "2292047392081441"]
[EventDate "2026.03.20"]
[EventType "swiss"]
[EventRounds "5"]
[EventCountry "CAN"]

1. d4 Nf6 2. Nf3 e6 3. c4 d5 4. g3 Be7 5. Bg2 O-O 6. O-O a5 7. Nbd2 Nbd7 8. Qc2 c5 9. cxd5 exd5 10. a4 b6 11. b3 Bb7 12. Ba3 Rc8 13. dxc5 Bxc5 14. Bxc5 bxc5 15. Nh4 Re8 16. Rfc1 Qb6 17. Rab1 Qb4 18. Nf5 Re6 19. Ne3 Rce8 20. Bh3 Rxe3 21. fxe3 Rxe3 22. Nf1 Re8 23. Qd2 Qb6 24. Bxd7 Nxd7 0-1

[Event "Mauricie op"]
[Site "Trois-Rivieres CAN"]
[Date "2026.03.20"]
[Round "1.11"]
[White "Chabot, Roland"]
[Black "Savard, Alexandre"]
[Result "0-1"]
[WhiteElo "2002"]
[BlackElo "1792"]
[WhiteFideId "-1"]
[BlackFideId "-1"]
[PlyCount "60"]
[GameId "2292047392097826"]
[EventDate "2026.03.20"]
[EventType "swiss"]
[EventRounds "5"]
[EventCountry "CAN"]

1. d4 Nf6 2. c4 e6 3. Nc3 Bb4 4. a3 Bxc3+ 5. bxc3 c5 6. f3 Nc6 7. e4 d6 8. Ne2 O-O 9. d5 Na5 10. Ng3 b6 11. Be2 Ba6 12. O-O Bxc4 13. Bxc4 Nxc4 14. Qa4 exd5 15. exd5 Ne5 16. f4 Qd7 17. Qd1 Nc4 18. f5 Qb7 19. Rf4 b5 20. Nh5 Nxd5 21. Rg4 Kh8 22. Rxg7 Rg8 23. Rxg8+ Rxg8 24. Qf3 Qe7 25. Bh6 Nf6 26. Ng3 Ng4 27. Bf4 Qh4 28. Nf1 Nge5 29. Bxe5+ Nxe5 30. Qd5 Qg5 0-1

[Event "Mauricie op"]
[Site "Trois-Rivieres CAN"]
[Date "2026.03.20"]
[Round "1.12"]
[White "Liao, Minyan"]
[Black "Beaudry, Marc-Andre"]
[Result "0-1"]
[WhiteElo "1764"]
[BlackElo "2002"]
[WhiteFideId "-1"]
[BlackFideId "-1"]
[PlyCount "128"]
[GameId "2292047392110115"]
[EventDate "2026.03.20"]
[EventType "swiss"]
[EventRounds "5"]
[EventCountry "CAN"]

1. e4 c5 2. Nc3 Nc6 3. Bb5 Nd4 4. Bc4 a6 5. a4 e6 6. Nge2 Nf6 7. Nxd4 cxd4 8. Ne2 Nxe4 9. Nxd4 Nxf2 10. Kxf2 Qh4+ 11. Kf1 Qxd4 12. d3 d5 13. Bb3 Qf6+ 14. Qf3 Qxf3+ 15. gxf3 b6 16. Rg1 g6 17. Bf4 Bc5 18. Rg2 O-O 19. c3 d4 20. Be5 Rd8 21. Bc2 a5 22. Rb1 Ra7 23. Bf6 Rd5 24. Rg5 Rxg5 25. Bxg5 Kg7 26. b4 Bd6 27. Bd8 Bc7 28. Bxc7 Rxc7 29. c4 Bd7 30. f4 Kf6 31. Kf2 g5 32. fxg5+ Kxg5 33. bxa5 bxa5 34. Rb6 e5 35. h4+ Kxh4 36. Rh6+ Kg5 37. Rxh7 Kg6 38. Rh8 Rb7 39. Ke1 Rb4 40. c5 Bxa4 41. Bxa4 Rxa4 42. c6 Ra1+ 43. Kd2 Ra2+ 44. Kc1 Ra3 45. Rc8 Rc3+ 46. Kb2 Kf6 47. c7 a4 48. Ka2 a3 49. Kb1 Ke7 50. Ka2 Kd7 51. Rf8 Kxc7 52. Rxf7+ Kd6 53. Rf3 Ke6 54. Rh3 Kf5 55. Rh5+ Kf4 56. Rh4+ Ke3 57. Re4+ Kxd3 58. Rxe5 Kd2 59. Rh5 d3 60. Kb1 Rc1+ 61. Ka2 Kc2 62. Rc5+ Kd1 63. Rd5 d2 64. Kxa3 Ke2 0-1

[Event "Mauricie op"]
[Site "Trois-Rivieres CAN"]
[Date "2026.03.20"]
[Round "1.13"]
[White "Mok, Yuen Tak"]
[Black "Potvin, Alain-Nicolas"]
[Result "1-0"]
[WhiteElo "1987"]
[BlackElo "1731"]
[WhiteFideId "-1"]
[BlackFideId "-1"]
[PlyCount "63"]
[GameId "2292047392118308"]
[EventDate "2026.03.20"]
[EventType "swiss"]
[EventRounds "5"]
[EventCountry "CAN"]

1. e4 d6 2. d4 Nf6 3. Nc3 g6 4. f3 Bg7 5. Be3 Nfd7 6. Qd2 e5 7. Nge2 c6 8. O-O-O O-O 9. Bh6 b5 10. h4 b4 11. Nb1 Nb6 12. Bxg7 Kxg7 13. dxe5 Nc4 14. Qxb4 Nxe5 15. Qxd6 Nbd7 16. Nec3 Rb8 17. Qxb8 Nxb8 18. Rxd8 Rxd8 19. h5 Be6 20. hxg6 hxg6 21. Nd2 Nbd7 22. Be2 Nb6 23. Nf1 a5 24. Ne3 a4 25. a3 Ra8 26. Rd1 Ra5 27. Rd4 c5 28. Rd6 Nc8 29. Rd1 Nb6 30. f4 Nec4 31. Bxc4 Bxc4 32. Rd6 1-0

[Event "Mauricie op"]
[Site "Trois-Rivieres CAN"]
[Date "2026.03.20"]
[Round "1.14"]
[White "St-Yves, Patrice"]
[Black "Landry, Sylvain"]
[Result "0-1"]
[WhiteElo "1611"]
[BlackElo "1966"]
[WhiteFideId "-1"]
[BlackFideId "-1"]
[PlyCount "56"]
[GameId "2292047392122405"]
[EventDate "2026.03.20"]
[EventType "swiss"]
[EventRounds "5"]
[EventCountry "CAN"]

1. e4 c5 2. Bd3 Nc6 3. c3 Nf6 4. Bc2 d5 5. d3 e5 6. f3 Be7 7. a4 Be6 8. Ne2 O-O 9. O-O Qc7 10. Na3 a6 11. Kh1 Rad8 12. Qe1 Nh5 13. g4 dxe4 14. dxe4 Nf4 15. Bxf4 exf4 16. Rd1 Rxd1 17. Qxd1 Rd8 18. Qc1 g5 19. Rd1 Ne5 20. Kg2 Bxg4 21. Ng1 Be6 22. Rxd8+ Qxd8 23. h4 h6 24. hxg5 hxg5 25. Qd1 Qf8 26. Qe2 Qh6 27. Kf1 Kf8 28. b3 g4 0-1

[Event "Mauricie op"]
[Site "Trois-Rivieres CAN"]
[Date "2026.03.20"]
[Round "1.2"]
[White "Nassif, Aba"]
[Black "Chiku-Ratte, Olivier-Kenta"]
[Result "0-1"]
[WhiteElo "1961"]
[BlackElo "2427"]
[WhiteFideId "-1"]
[BlackFideId "-1"]
[PlyCount "56"]
[GameId "2292047392126502"]
[EventDate "2026.03.20"]
[EventType "swiss"]
[EventRounds "5"]
[EventCountry "CAN"]

1. d4 Nf6 2. Nc3 d5 3. Bf4 a6 4. e3 c5 5. dxc5 Qa5 6. Qd2 e6 7. Nf3 Nc6 8. Nd4 Qxc5 9. Nb3 Qb6 10. a3 Be7 11. h4 h6 12. O-O-O e5 13. Bh2 Be6 14. Bd3 O-O 15. f4 d4 16. Na4 Qa7 17. fxe5 dxe3 18. Qe1 Ng4 19. Bf4 Ncxe5 20. Be4 Rad8 21. Nc3 Rxd1+ 22. Nxd1 Bxb3 23. cxb3 Qd4 24. Nc3 Rc8 25. Kb1 Rxc3 26. Bxe5 Qxe4+ 27. Ka2 Rc2 28. Bc3 Bf6 0-1

[Event "Mauricie op"]
[Site "Trois-Rivieres CAN"]
[Date "2026.03.20"]
[Round "1.3"]
[White "Latorre, Vincent"]
[Black "Di Matteo, Alessio"]
[Result "1-0"]
[WhiteElo "2395"]
[BlackElo "1952"]
[WhiteFideId "-1"]
[BlackFideId "-1"]
[PlyCount "61"]
[GameId "2292047392130599"]
[EventDate "2026.03.20"]
[EventType "swiss"]
[EventRounds "5"]
[EventCountry "CAN"]

1. e4 c5 2. Nf3 e6 3. d4 cxd4 4. Nxd4 Nc6 5. Nc3 Qc7 6. Be3 a6 7. g4 b5 8. Nxc6 Qxc6 9. Qd2 Bb7 10. O-O-O Nf6 11. f3 h6 12. Kb1 d5 13. Bd4 dxe4 14. Bxf6 gxf6 15. Nxe4 Be7 16. Qf4 e5 17. Qe3 Bc8 18. Bg2 Rb8 19. f4 Qb6 20. Qg3 Qc7 21. fxe5 fxe5 22. Nc3 Be6 23. Nd5 Bxd5 24. Bxd5 Rb6 25. Rhf1 Rf6 26. Rxf6 Bxf6 27. Qf3 Ke7 28. Rf1 Qd6 29. Bb3 Rd8 30. h4 Rg8 31. Qb7+ 1-0

[Event "Mauricie op"]
[Site "Trois-Rivieres CAN"]
[Date "2026.03.20"]
[Round "1.4"]
[White "Sun, Jonathan"]
[Black "Migot, Tangi"]
[Result "0-1"]
[WhiteElo "1947"]
[BlackElo "2368"]
[WhiteFideId "-1"]
[BlackFideId "-1"]
[PlyCount "154"]
[GameId "2292047392134696"]
[EventDate "2026.03.20"]
[EventType "swiss"]
[EventRounds "5"]
[EventCountry "CAN"]

1. e4 c5 2. Nf3 a6 3. c4 e6 4. Nc3 Qc7 5. d4 cxd4 6. Nxd4 Nf6 7. a3 b6 8. Be3 Bb7 9. Bd3 d6 10. O-O Nbd7 11. Rc1 Be7 12. f3 O-O 13. Kh1 Rfe8 14. b4 Rac8 15. Qb3 Qb8 16. f4 Qa8 17. Qb1 Bf8 18. Bg1 g6 19. Nf3 Bg7 20. Nd2 d5 21. cxd5 exd5 22. e5 Rxc3 23. Rxc3 d4 24. Bxd4 Bxg2+ 25. Kg1 Nd5 26. Rcc1 Bxf1 27. Rxf1 Nf8 28. Be4 Qd8 29. Bxd5 Qxd5 30. Qe4 Rd8 31. Qxd5 Rxd5 32. Nb3 b5 33. Kf2 Ne6 34. Ke3 Rd8 35. Ke4 f6 36. exf6 Nxd4 37. Nxd4 Bxf6 38. Ne6 Rd6 39. Nc5 Rd4+ 40. Ke3 Rc4 41. Rd1 Bb2 42. Nd3 Bd4+ 43. Ke2 Rc3 44. Ne5 Re3+ 45. Kf1 Re4 46. Nd3 Re3 47. Ne5 Bxe5 48. fxe5 Rxa3 49. Rd6 Kf7 50. Rd7+ Ke6 51. Rxh7 Kxe5 52. Rg7 Kf6 53. Ra7 Ra2 54. h4 Kf5 55. Rf7+ Kg4 56. Rg7 Kh5 57. Rh7+ Kg4 58. Rg7 Kf3 59. Rf7+ Ke3 60. Rf6 Rh2 61. Rxa6 Rxh4 62. Rxg6 Rxb4 63. Re6+ Kd2 64. Rd6+ Kc2 65. Rb6 Rf4+ 66. Ke2 b4 67. Rc6+ Kb2 68. Kd3 Rf3+ 69. Kd2 b3 70. Rc8 Rh3 71. Rc7 Ka2 72. Ra7+ Kb1 73. Rb7 b2 74. Ra7 Rh5 75. Rb7 Rh8 76. Rd7 Ra8 77. Rb7 Ka2 0-1

[Event "Mauricie op"]
[Site "Trois-Rivieres CAN"]
[Date "2026.03.20"]
[Round "1.5"]
[White "Duong, Thanh Nha"]
[Black "Dufresne, Christophe"]
[Result "1-0"]
[WhiteElo "2274"]
[BlackElo "1932"]
[WhiteFideId "-1"]
[BlackFideId "-1"]
[PlyCount "77"]
[GameId "2292047392142889"]
[EventDate "2026.03.20"]
[EventType "swiss"]
[EventRounds "5"]
[EventCountry "CAN"]

1. Nf3 d5 2. c4 c6 3. b3 Bf5 4. Bb2 e6 5. g3 h6 6. Bg2 Nf6 7. O-O Be7 8. d3 O-O 9. Nbd2 Nbd7 10. Rc1 Re8 11. Re1 Bh7 12. a3 a5 13. Qc2 b5 14. cxb5 cxb5 15. Nd4 Qb6 16. Qc7 Qa6 17. Rc6 Bd8 18. Rxa6 Bxc7 19. Rxa8 Rxa8 20. Nxb5 Bb6 21. Rc1 Rb8 22. a4 Ng4 23. Bd4 Kf8 24. Bxb6 Nxb6 25. Nd4 e5 26. Nb5 Nf6 27. Bh3 Ne8 28. Rc5 Ke7 29. Nc3 Kd6 30. Rxa5 f5 31. e4 fxe4 32. dxe4 d4 33. Nb5+ Kc6 34. Be6 Nf6 35. f3 Nfd7 36. Ra7 Rb7 37. Bd5+ Nxd5 38. exd5+ Kb6 39. Nc4+ 1-0

[Event "Mauricie op"]
[Site "Trois-Rivieres CAN"]
[Date "2026.03.20"]
[Round "1.6"]
[White "Madanchi, Ata"]
[Black "Berube, Antoine"]
[Result "0-1"]
[WhiteElo "1919"]
[BlackElo "2266"]
[WhiteFideId "-1"]
[BlackFideId "-1"]
[PlyCount "126"]
[GameId "2292047392146986"]
[EventDate "2026.03.20"]
[EventType "swiss"]
[EventRounds "5"]
[EventCountry "CAN"]

1. e4 c5 2. Nc3 Nc6 3. Nge2 Nd4 4. d3 g6 5. Nd5 e6 6. Ne3 Bg7 7. c3 Nxe2 8. Qxe2 Ne7 9. h4 h5 10. f4 d5 11. Bd2 d4 12. Nd1 e5 13. c4 Bg4 14. Qf2 exf4 15. Be2 Nc6 16. Bxg4 hxg4 17. Qxf4 Ne5 18. Nf2 Qd7 19. O-O-O O-O-O 20. Qg3 Qe6 21. Bf4 Bh6 22. Kb1 Bxf4 23. Qxf4 Rh5 24. Qd2 Rdh8 25. g3 Re8 26. Qa5 Qb6 27. Qd2 Kd7 28. Rdf1 Qe6 29. Qa5 Nc6 30. Qb5 Kc7 31. Qa4 a6 32. Qd1 Ne5 33. Qd2 b6 34. b4 cxb4 35. Qxb4 Qd6 36. Qb2 Rh7 37. Ka1 Qc5 38. Qe2 Qa3 39. Rc1 f5 40. Qd2 Nf3 41. Qd1 Re5 42. h5 Rxh5 43. Rxh5 gxh5 44. Qh1 fxe4 45. Nxe4 Qxd3 46. Nf6 Qd2 47. Nd5+ Kb7 48. Rd1 Re1 49. Qxe1 Qxe1 50. Rxe1 Nxe1 51. Kb1 Kc6 52. Nf4 Kc5 53. Nxh5 Kxc4 54. Kc1 Kd3 55. Kd1 Ng2 56. Nf6 Ne3+ 57. Ke1 b5 58. Nd7 Kc2 59. Nc5 d3 60. Nb3 Nc4 61. Nd4+ Kc3 62. Nf5 a5 63. Kd1 Nb2+ 0-1

[Event "Mauricie op"]
[Site "Trois-Rivieres CAN"]
[Date "2026.03.20"]
[Round "1.7"]
[White "Gutierrez, Renzo"]
[Black "Duval, Mathieu"]
[Result "1-0"]
[WhiteElo "2192"]
[BlackElo "1893"]
[WhiteFideId "-1"]
[BlackFideId "-1"]
[PlyCount "109"]
[GameId "2292047392146987"]
[EventDate "2026.03.20"]
[EventType "swiss"]
[EventRounds "5"]
[EventCountry "CAN"]

1. d4 Nf6 2. c4 e6 3. Nc3 d5 4. cxd5 exd5 5. Bg5 c6 6. e3 Be7 7. Bd3 Bg4 8. f3 Bh5 9. Nge2 Bg6 10. O-O O-O 11. Bh4 Ng4 12. Bf2 Nxf2 13. Rxf2 Bxd3 14. Qxd3 Na6 15. Rd1 Qb6 16. Qd2 Rad8 17. Nf4 Rfe8 18. Re2 Bf6 19. g3 g6 20. Kg2 Bg7 21. Rc1 Qa5 22. a3 Rd7 23. Rce1 Qd8 24. b4 Nc7 25. Na4 Rde7 26. Nc3 Qd6 27. Nd3 Na8 28. Na4 Nb6 29. Nxb6 axb6 30. a4 Ra8 31. Ra1 b5 32. a5 b6 33. Qc3 Rea7 34. Ree1 bxa5 35. bxa5 Qc7 36. Nb4 Rxa5 37. Nxd5 Ra2+ 38. Rxa2 Rxa2+ 39. Kg1 Qd6 40. Qxc6 Qxc6 41. Ne7+ Kf8 42. Nxc6 Ke8 43. h4 Kd7 44. Nb4 Rb2 45. Nd3 Rd2 46. Nc5+ Kc6 47. Rc1 Kb6 48. Rb1 Re2 49. Na4+ Ka5 50. Nc3 Rc2 51. Rxb5+ Ka6 52. Rb3 f5 53. Kf1 h6 54. Nd5 g5 55. Nb4+ 1-0

[Event "Mauricie op"]
[Site "Trois-Rivieres CAN"]
[Date "2026.03.20"]
[Round "1.8"]
[White "Qi, Jason"]
[Black "Genzling, Jerome"]
[Result "0-1"]
[WhiteElo "1892"]
[BlackElo "2146"]
[WhiteFideId "-1"]
[BlackFideId "-1"]
[PlyCount "105"]
[GameId "2292047392155180"]
[EventDate "2026.03.20"]
[EventType "swiss"]
[EventRounds "5"]
[EventCountry "CAN"]

1. e4 c5 2. Nf3 Nc6 3. d4 cxd4 4. Nxd4 g6 5. c4 Bg7 6. Be3 Nf6 7. Nc3 d6 8. f3 O-O 9. Be2 Nxd4 10. Bxd4 Qa5 11. Qd2 Be6 12. O-O Rfc8 13. b3 Nd7 14. Rab1 Qb4 15. Bxg7 Kxg7 16. Kh1 a5 17. Qb2 f6 18. a3 Qb6 19. Rfc1 Qd4 20. Nd1 Qxb2 21. Nxb2 b6 22. Kg1 Ra7 23. Na4 Rac7 24. Nc3 Ra7 25. Kf2 Nc5 26. Nb5 Raa8 27. Rc3 Bd7 28. Rbc1 Ne6 29. Ke3 Rc5 30. f4 Bxb5 31. cxb5 Rac8 32. Rxc5 Rxc5 33. Rxc5 dxc5 34. Bc4 Nd4 35. a4 e5 36. g4 exf4+ 37. Kxf4 g5+ 38. Kg3 Kf8 39. h4 h6 40. hxg5 hxg5 41. Kf2 Ke7 42. Ke3 Kd6 43. Bf7 Ke5 44. Bc4 Nc2+ 45. Kd2 Nb4 46. Ke3 Na2 47. Bd5 Nc3 48. Bc6 c4 49. Kd2 Kd4 50. b4 Nxa4 51. bxa5 bxa5 52. Kc2 Nb6 53. Kb2 0-1

[Event "Mauricie op"]
[Site "Trois-Rivieres CAN"]
[Date "2026.03.20"]
[Round "1.9"]
[White "Tremblay, Rejean"]
[Black "Cassista, Jeremie"]
[Result "1/2-1/2"]
[WhiteElo "2131"]
[BlackElo "1879"]
[WhiteFideId "-1"]
[BlackFideId "-1"]
[PlyCount "62"]
[GameId "2292047392159277"]
[EventDate "2026.03.20"]
[EventType "swiss"]
[EventRounds "5"]
[EventCountry "CAN"]

1. d4 Nf6 2. c4 c6 3. Nc3 d5 4. Nf3 Bf5 5. Qb3 b6 6. cxd5 Nxd5 7. e4 Nxc3 8. exf5 Nd5 9. Bc4 g6 10. Ne5 e6 11. fxe6 fxe6 12. O-O Bg7 13. Qh3 Qf6 14. Bxd5 cxd5 15. Bh6 Bxh6 16. Qxh6 Nd7 17. Nc6 g5 18. Qh5+ Qg6 19. Qf3 Qf5 20. Qxf5 exf5 21. Rfe1+ Kf8 22. Re7 Nf6 23. Rxa7 Rxa7 24. Nxa7 Kf7 25. Nb5 Kg6 26. a4 Rc8 27. Kf1 Rc2 28. b4 Rb2 29. a5 bxa5 30. Rxa5 Rxb4 31. f3 Rb1+ 1/2-1/2

[Event "Mauricie op"]
[Site "Trois-Rivieres CAN"]
[Date "2026.03.21"]
[Round "2.1"]
[White "Genzling, Jerome"]
[Black "Sai, Krishna GV"]
[Result "0-1"]
[WhiteElo "2146"]
[BlackElo "2519"]
[WhiteFideId "-1"]
[BlackFideId "-1"]
[PlyCount "96"]
[GameId "2292047392159278"]
[EventDate "2026.03.20"]
[EventType "swiss"]
[EventRounds "5"]
[EventCountry "CAN"]

1. e4 e5 2. Nf3 Nc6 3. Nc3 Nf6 4. d4 Bb4 5. Nxe5 Qe7 6. Qd3 Nxd4 7. Qxd4 Bc5 8. Qd3 Qxe5 9. Be2 d6 10. f3 Bd7 11. Bd2 O-O 12. O-O-O b5 13. f4 Qe8 14. Bf3 b4 15. Nd5 Nxd5 16. exd5 Bb5 17. Qf5 a5 18. Rde1 Qb8 19. h4 Qc8 20. Qh5 Bd4 21. Re4 Bf6 22. f5 g6 23. Rg4 Bg7 24. Qg5 h6 25. Qf4 Qxf5 26. Qxf5 gxf5 27. Rf4 Bd7 28. Rc4 c5 29. h5 Rfe8 30. Re1 Rxe1+ 31. Bxe1 Bf6 32. Bd2 Bg5 33. Kd1 Re8 34. b3 Kg7 35. g4 fxg4 36. Bxg4 f5 37. Bf3 Kf6 38. Rf4 Ke5 39. Rc4 Bb5 40. Be1 Bxc4 41. bxc4 Kd4 42. Bg3 f4 43. Bf2+ Kxc4 44. Kd2 Re5 45. c3 Rxd5+ 46. Kc2 Re5 47. Bg1 bxc3 48. a3 d5 0-1

[Event "Mauricie op"]
[Site "Trois-Rivieres CAN"]
[Date "2026.03.21"]
[Round "2.10"]
[White "Cassista, Jeremie"]
[Black "Pomerantz, Daniel"]
[Result "1-0"]
[WhiteElo "1879"]
[BlackElo "2046"]
[WhiteFideId "-1"]
[BlackFideId "-1"]
[PlyCount "93"]
[GameId "2292047392159279"]
[EventDate "2026.03.20"]
[EventType "swiss"]
[EventRounds "5"]
[EventCountry "CAN"]

1. d4 Nf6 2. c4 g6 3. Nf3 Bg7 4. e3 O-O 5. Bd3 d6 6. O-O Nbd7 7. Bd2 e5 8. Bc2 b6 9. Bc3 Qe7 10. Nbd2 Bb7 11. d5 c6 12. e4 cxd5 13. cxd5 Rac8 14. Rc1 Rc7 15. Nb3 Rfc8 16. Bd3 Nc5 17. Nxc5 Rxc5 18. Qe2 Nh5 19. g3 Qd7 20. Nd2 Bh6 21. Rcd1 Rd8 22. Nc4 Rc7 23. Ne3 Bc8 24. Rfe1 Qh3 25. Ng2 f5 26. exf5 gxf5 27. f3 Rg7 28. Qf2 Kh8 29. Bf1 Nxg3 30. hxg3 Rxg3 31. Rxe5 Bg7 32. Re7 Rg8 33. Bxg7+ R3xg7 34. Rxg7 Rxg7 35. Rc1 Bb7 36. Rd1 f4 37. Rd4 Qf5 38. Qd2 Rg5 39. Rxf4 Qxd5 40. Qxd5 Bxd5 41. b3 Kg7 42. Kf2 h5 43. Rd4 Kf6 44. Ne3 Bb7 45. Rxd6+ Ke7 46. Rh6 Bc8 47. Rh7+ 1-0

[Event "Mauricie op"]
[Site "Trois-Rivieres CAN"]
[Date "2026.03.21"]
[Round "2.11"]
[White "Luksza, Arkadiusz"]
[Black "Zheng-Roy, Ethan"]
[Result "1-0"]
[WhiteElo "2013"]
[BlackElo "1258"]
[WhiteFideId "-1"]
[BlackFideId "-1"]
[PlyCount "85"]
[GameId "2292047392159280"]
[EventDate "2026.03.20"]
[EventType "swiss"]
[EventRounds "5"]
[EventCountry "CAN"]

1. Nf3 c5 2. g3 Nf6 3. Bg2 g6 4. c4 Bg7 5. Nc3 O-O 6. d4 cxd4 7. Nxd4 Nc6 8. Nc2 a6 9. O-O d6 10. Rb1 Be6 11. Ne3 Rc8 12. Ncd5 Bxd5 13. cxd5 Na7 14. Bd2 Nd7 15. Qe1 Ne5 16. b3 Qd7 17. h3 Nb5 18. f4 Na3 19. Rc1 Rxc1 20. Bxc1 Nb5 21. fxe5 Bxe5 22. Ng4 Bc3 23. Bd2 Bd4+ 24. e3 Bg7 25. a4 Na7 26. Bc3 f6 27. Bd4 b5 28. Qd2 h5 29. Nf2 bxa4 30. bxa4 Rd8 31. Qd1 Kf8 32. Nd3 Kf7 33. Nf4 Rb8 34. Qd3 f5 35. Bxg7 Kxg7 36. Ne6+ Kf7 37. Rxf5+ Kg8 38. Rf8+ Kh7 39. Rxb8 Qxa4 40. Qc3 Qd1+ 41. Kh2 Qh1+ 42. Bxh1 Kh6 43. Rh8# 1-0

[Event "Mauricie op"]
[Site "Trois-Rivieres CAN"]
[Date "2026.03.21"]
[Round "2.12"]
[White "Madanchi, Ata"]
[Black "Chabot, Roland"]
[Result "0-1"]
[WhiteElo "1919"]
[BlackElo "2002"]
[WhiteFideId "-1"]
[BlackFideId "-1"]
[PlyCount "80"]
[GameId "2292047392159281"]
[EventDate "2026.03.20"]
[EventType "swiss"]
[EventRounds "5"]
[EventCountry "CAN"]

1. e4 d6 2. Nf3 Nf6 3. c3 Nbd7 4. Bd3 g6 5. Bc2 Bg7 6. d4 e5 7. h3 O-O 8. O-O b6 9. Re1 Bb7 10. a4 a5 11. Nbd2 Nh5 12. Nf1 h6 13. d5 Nf4 14. Ng3 Qf6 15. b4 Ra7 16. Nh2 h5 17. Nf3 Rfa8 18. Be3 Nf8 19. Nd2 Bc8 20. Nc4 Rb7 21. Kh2 Qh4 22. Nd2 Nxg2 23. Kxg2 Qxh3+ 24. Kg1 Bg4 25. Nf3 Bxf3 26. Qxf3 h4 27. Bd3 hxg3 28. fxg3 Nh7 29. Re2 Nf6 30. Rh2 Qg4 31. Qg2 axb4 32. cxb4 Qd7 33. Bg5 Rxa4 34. Rf1 Nh7 35. Bb5 Qxb5 36. Qh3 Nxg5 37. Qc8+ Bf8 38. Qxb7 Qd3 39. Qc8 Nf3+ 40. Rxf3 Qxf3 0-1

[Event "Mauricie op"]
[Site "Trois-Rivieres CAN"]
[Date "2026.03.21"]
[Round "2.13"]
[White "Papineau (Granby), Daniel"]
[Black "Qi, Jason"]
[Result "0-1"]
[WhiteElo "1966"]
[BlackElo "1892"]
[WhiteFideId "-1"]
[BlackFideId "-1"]
[PlyCount "58"]
[GameId "2292047392159282"]
[EventDate "2026.03.20"]
[EventType "swiss"]
[EventRounds "5"]
[EventCountry "CAN"]

1. d4 d5 2. c4 e6 3. Nc3 a6 4. cxd5 exd5 5. Nf3 c6 6. Qc2 Nf6 7. Bg5 Be6 8. e3 h6 9. Bh4 Bd6 10. Bd3 Nbd7 11. Bg3 Qc7 12. Bxd6 Qxd6 13. h3 Rc8 14. Nh4 c5 15. O-O c4 16. Be2 b5 17. a3 O-O 18. f4 Nb6 19. Bf3 Rfe8 20. Rae1 Bd7 21. g4 a5 22. Qg2 b4 23. Nb1 c3 24. Kh1 Nc4 25. g5 Ne4 26. bxc3 bxc3 27. Bxe4 Rxe4 28. Nxc3 Rxe3 29. Kg1 Rxc3 0-1

[Event "Mauricie op"]
[Site "Trois-Rivieres CAN"]
[Date "2026.03.21"]
[Round "2.14"]
[White "Duval, Mathieu"]
[Black "Nassif, Aba"]
[Result "1-0"]
[WhiteElo "1893"]
[BlackElo "1961"]
[WhiteFideId "-1"]
[BlackFideId "-1"]
[PlyCount "91"]
[GameId "2292047392159283"]
[EventDate "2026.03.20"]
[EventType "swiss"]
[EventRounds "5"]
[EventCountry "CAN"]

1. d4 Nf6 2. c4 e6 3. Nc3 Bb4 4. e3 c5 5. Bd2 O-O 6. Bd3 cxd4 7. exd4 Nc6 8. Nge2 d5 9. cxd5 Nxd5 10. O-O Bd6 11. Nxd5 exd5 12. Bf4 Nxd4 13. Bxh7+ Kxh7 14. Qxd4 Be7 15. Be5 f6 16. Bg3 Be6 17. Nf4 Bf7 18. Rad1 Qd7 19. Nxd5 Bxd5 20. Qxd5 Qxd5 21. Rxd5 b6 22. Rd7 Bc5 23. Rfd1 Rfe8 24. Kf1 a5 25. Bd6 Rac8 26. Rc1 Bb4 27. Rd1 Rc4 28. g3 Rce4 29. a3 Be1 30. Bf4 a4 31. R1d6 Ba5 32. Rxf6 Re1+ 33. Kg2 R8e7 34. Rxe7 Rxe7 35. Rc6 Re2 36. Bc1 g5 37. Kf3 Re5 38. Rc2 Kg6 39. Bd2 g4+ 40. Kxg4 Re2 41. Rc6+ Kf7 42. Bxa5 bxa5 43. Rc4 Rxb2 44. Rxa4 Kg6 45. f4 Rxh2 46. Rxa5 1-0

[Event "Mauricie op"]
[Site "Trois-Rivieres CAN"]
[Date "2026.03.21"]
[Round "2.15"]
[White "Di Matteo, Alessio"]
[Black "Wilkin, Alain"]
[Result "1-0"]
[WhiteElo "1952"]
[BlackElo "1873"]
[WhiteFideId "-1"]
[BlackFideId "-1"]
[PlyCount "107"]
[GameId "2292047392159284"]
[EventDate "2026.03.20"]
[EventType "swiss"]
[EventRounds "5"]
[EventCountry "CAN"]

1. d4 Nf6 2. c4 g6 3. Nc3 Bg7 4. e4 d6 5. Nf3 O-O 6. Be2 Nbd7 7. O-O e5 8. Qc2 exd4 9. Nxd4 c6 10. Be3 Re8 11. f3 d5 12. cxd5 cxd5 13. Rad1 dxe4 14. fxe4 a6 15. Kh1 Qe7 16. Bc4 Ne5 17. Bb3 Be6 18. Nxe6 fxe6 19. Bg5 h6 20. Bh4 g5 21. Bf2 Rac8 22. Qe2 b5 23. Bd4 Nfd7 24. Rf2 Rf8 25. Rdf1 Rxf2 26. Rxf2 Rf8 27. Rxf8+ Nxf8 28. h3 Nfg6 29. Qe3 Nd7 30. Ne2 Be5 31. Bxe5 Ndxe5 32. Qb6 Nf8 33. Nd4 Nc4 34. Bxc4 bxc4 35. a3 Qd7 36. Qc5 Qa4 37. Kh2 Kf7 38. Nc6 Qd1 39. Qe7+ Kg8 40. Qf6 Qd6+ 41. Ne5 Nh7 42. Qg6+ Kh8 43. Qe8+ Kg7 44. Qd7+ Qxd7 45. Nxd7 Nf8 46. Ne5 Kf6 47. Nxc4 Nd7 48. Kg3 Nc5 49. e5+ Kf5 50. Kf3 h5 51. g4+ hxg4+ 52. hxg4+ Kg6 53. Ke3 Nd7 54. Kd4 1-0